| 000 | 00429pab a2200169 454500 | ||
|---|---|---|---|
| 008 | 180718b2009 xxu||||| |||| 00| 0 eng d | ||
| 100 | _aVatsa, Krishna S. | ||
| 245 | _aDisaster management: post-disaster housing assistance in India | ||
| 260 | _c2009 | ||
| 300 | _ap.27-29. | ||
| 362 | _aJun | ||
| 650 | _aDisaster prevention - India | ||
| 650 | _aDisaster prevention | ||
| 773 | _aYojana | ||
| 908 | _aN | ||
| 909 | _a82569 | ||
| 999 |
_c82569 _d82569 |
||